Application of risk assessment in the fish industry

Saved in:
Bibliographic Details
Main Authors: Sumner, J. L (Author), Ross, T (Author), Ababouch, Lahsen (Author)
Format: Book
Language:English
Published: Roma FAO 2004
Series:FAO Fisheries Technical Paper, 442
Subjects:
Tags: Add Tag
No Tags, Be the first to tag this record!

MARC

LEADER 00000nam a2200000 a 4500
001 UCK6311
003 CL-VaPUC
008 050916e20040000IT |||||||||||||||||eng|d
020 |a 9251049513 
082 0 4 |a 664.94  |b SUM  |2 21 
100 0 |a Sumner, J. L  |e author  |9 495450 
700 0 |a Ross, T  |e author  |9 495451 
700 0 |a Ababouch, Lahsen  |e author  |9 495452 
245 1 0 |a Application of risk assessment in the fish industry  
300 |a 78 p 
942 |c BK 
945 |d 20050916 00:00:00  |a jcarroza 
260 |a Roma  |b FAO  |c 2004 
500 |a Incluye Cd-Rom 
650 0 |a Industria pesquera  |9 255432 
650 0 |a Recursos pesqueros  |9 255431 
650 0 |a Administración  |9 259325 
650 0 |a Riesgos   |9 430723 
650 0 |a Control de calidad   |9 259714 
583 |a last modification  |c 20050916 00:00:00  |k Rodrigo Vera 
490 0 |a FAO Fisheries Technical Paper, 442 
999 |c 314607  |d 314605